000 00800nam a2200253Ia 4500
003 OSt
005 20220918163430.0
006 a|||||r|||| 00| 0
007 ta
008 220917b |||||||| |||| 00| 0 eng d
020 _a0 7486 1741 8 (pbk)
_c1555.47
024 _a260,832
037 _b34464, 27/03/2012, Segment Book Distributors
_cTextual
040 _aARTS
_cARTS
_beng
041 _2eng
_aeng
082 _aR3v, P3
100 _aMacfie Alexander Lyon Ed.
_913125
245 0 _aEastern influences on western philosphy
260 _aEdinburgh
_bEdinburgh University Press UK
_c2003
300 _aiv, 348p.
_ccm.
650 _aPHILOSOPHY
942 _hR3v, P3
_cTEXL
_2CC
999 _c119573
_d119573